[Event "Krakow op-B 28th"]
[Site "Krakow"]
[Date "2018.01.03"]
[Round "8"]
[White "Rudzinska, Michalina"]
[Black "Van Poucke, Simon"]
[Result "1/2-1/2"]
[WhiteElo "2023"]
[BlackElo "1967"]
[PlyCount "25"]
[EventDate "2017.12.27"]
[EventType "swiss"]
[EventRounds "9"]
[EventCountry "POL"]
[SourceTitle "CBM 182 Extra"]
[Source "ChessBase"]
[SourceDate "2018.02.23"]
[SourceVersion "1"]
[SourceVersionDate "2018.02.23"]
[SourceQuality "1"]

1. e4 c5 2. Nf3 d6 3. d4 cxd4 4. Nxd4 Nf6 5. Nc3 a6 6. Bg5 Nbd7 7. f4 e6 8. Qf3 Qc7 9. 0-0-0 b5 10. Bd3 Bb7 11. Rhe1 Be7 12. g4 0-0 13. Nce2 1/2-1/2

[Event "Krakow op-B 28th"]
[Site "Krakow"]
[Date "2018.01.02"]
[Round "7"]
[White "Van Poucke, Simon"]
[Black "Kepowicz, Artur"]
[Result "1-0"]
[WhiteElo "1967"]
[BlackElo "1856"]
[PlyCount "117"]
[EventDate "2017.12.27"]
[EventType "swiss"]
[EventRounds "9"]
[EventCountry "POL"]
[SourceTitle "CBM 182 Extra"]
[Source "ChessBase"]
[SourceDate "2018.02.23"]
[SourceVersion "1"]
[SourceVersionDate "2018.02.23"]
[SourceQuality "1"]

1. d4 Nf6 2. c4 e6 3. Nf3 d5 4. g3 c6 5. Bg2 Nbd7 6. Qc2 Bd6 7. 0-0 0-0 8. Nbd2 Re8 9. b3 Rb8 10. Bb2 b6 11. Rac1 Bb7 12. Rfd1 c5 13. dxc5 bxc5 14. e3 Qe7 15. cxd5 exd5 16. Nh4 g6 17. Qd3 Ne5 18. Qc3 Qe6 19. Nhf3 Qg4 20. h3 Qf5 21. Nh4 Qe6 22. Nhf3 Ba6 23. Nxe5 d4 24. exd4 cxd4 25. Qxd4 Bxe5 26. Qxe5 Qxe5 27. Bxe5 Rxe5 28. Nc4 Bxc4 29. Rxc4 Rbe8 30. Ra4 Re1+ 31. Rxe1 Rxe1+ 32. Bf1 Re7 33. Kg2 Ne4 34. Rd4 Kg7 35. h4 Nc5 36. Bc4 Nd7 37. f4 Nb6 38. Bb5 Rc7 39. Rd2 Rc5 40. a4 Rc3 41. Rd3 Rc5 42. Kf3 Nd5 43. Bc4 Nb6 44. Rd4 Rc7 45. a5 Nc8 46. a6 Ne7 47. g4 Nc6 48. Rd5 Ne7 49. Rb5 Nc6 50. Rb7 Rxb7 51. axb7 Kf8 52. Ke4 Ke7 53. b4 f6 54. b5 Nb8 55. g5 Nd7 56. Kd4 fxg5 57. fxg5 Kd6 58. Bg8 Kc7 59. Bxh7 1-0

[Event "Krakow op-B 28th"]
[Site "Krakow"]
[Date "2017.12.29"]
[Round "3"]
[White "Van Poucke, Simon"]
[Black "Kurzok, Zenon"]
[Result "1/2-1/2"]
[WhiteElo "1967"]
[BlackElo "1728"]
[PlyCount "58"]
[EventDate "2017.12.27"]
[EventType "swiss"]
[EventRounds "9"]
[EventCountry "POL"]
[SourceTitle "CBM 182 Extra"]
[Source "ChessBase"]
[SourceDate "2018.02.23"]
[SourceVersion "1"]
[SourceVersionDate "2018.02.23"]
[SourceQuality "1"]

1. d4 d5 2. Nf3 Nc6 3. c4 Bg4 4. Nc3 Nf6 5. cxd5 Nxd5 6. e4 Nxc3 7. bxc3 e5 8. d5 Ne7 9. Qa4+ Bd7 10. Qb3 Ng6 11. Bc4 Bd6 12. Qxb7 0-0 13. 0-0 f5 14. Ng5 f4 15. Ne6 Bxe6 16. dxe6 Qe7 17. Qb3 Kh8 18. Rd1 Nh4 19. Bf1 Rf6 20. Rb1 Raf8 21. Rd3 Rxe6 22. c4 Rg6 23. Qd1 Qg5 24. Rg3 Qf6 25. Rxg6 Qxg6 26. f3 Qf6 27. Qd5 Rd8 28. Be2 Qe7 29. Kh1 h6 1/2-1/2

[Event "Krakow op-B 28th"]
[Site "Krakow"]
[Date "2017.12.28"]
[Round "2"]
[White "Kulesza, Andrzej"]
[Black "Van Poucke, Simon"]
[Result "1-0"]
[WhiteElo "1812"]
[BlackElo "1967"]
[PlyCount "64"]
[EventDate "2017.12.27"]
[EventType "swiss"]
[EventRounds "9"]
[EventCountry "POL"]
[SourceTitle "CBM 182 Extra"]
[Source "ChessBase"]
[SourceDate "2018.02.23"]
[SourceVersion "1"]
[SourceVersionDate "2018.02.23"]
[SourceQuality "1"]

1. e4 c5 2. Nf3 e6 3. d4 cxd4 4. Nxd4 a6 5. Bd3 Qc7 6. 0-0 Nf6 7. Qe2 d6 8. Bg5 Be7 9. Nc3 0-0 10. Kh1 Nc6 11. Nxc6 bxc6 12. f4 e5 13. f5 Bb7 14. Rf3 d5 15. Rg3 Rfd8 16. Rf1 Kh8 17. Bxf6 Bxf6 18. Nd1 c5 19. exd5 Rxd5 20. Ne3 Rd4 21. c3 Rd7 22. Ng4 Bh4 23. Rh3 Qc6 24. Nxe5 Rxd3 25. Nxc6 Rxh3 26. gxh3 Bxc6+ 27. Kg1 Bg5 28. Re1 h6 29. Qh5 Kg8 30. h4 Bf6 31. Rd1 Re8 32. Rd6 Be5 1-0

[Event "BEL-ch op"]
[Site "Antwerp"]
[Date "2013.07.06"]
[Round "1"]
[White "De Meyer, Jef"]
[Black "Van Poucke, Simon"]
[Result "0-1"]
[WhiteElo "1668"]
[BlackElo "2013"]
[PlyCount "70"]
[EventDate "2013.07.06"]
[EventType "swiss"]
[EventRounds "9"]
[EventCountry "BEL"]
[SourceTitle "CBM 155 Extra"]
[Source "ChessBase"]
[SourceDate "2013.08.26"]
[SourceVersion "1"]
[SourceVersionDate "2013.08.26"]
[SourceQuality "1"]

1. d4 Nf6 2. Nf3 g6 3. Bg5 Bg7 4. Nbd2 d5 5. e3 0-0 6. Be2 c5 7. c3 b6 8. 0-0 Nbd7 9. b4 Bb7 10. bxc5 bxc5 11. Rb1 Bc6 12. Qc2 Ne8 13. Nb3 c4 14. Nbd2 Nd6 15. a4 Re8 16. Bf4 Qa5 17. Bxd6 exd6 18. Rb4 f5 19. Rfb1 Bh6 20. Bf1 Nf6 21. g3 Qc7 22. Bg2 Qe7 23. R1b2 Nd7 24. Nh4 Nf6 25. Nxc4 Rac8 26. Na5 Ba8 27. Nb3 Ng4 28. Qd3 f4 29. Bh3 fxg3 30. hxg3 Qg5 31. Rb5 Nxf2 32. Kxf2 Rxe3 33. Nf3 Rf8 34. Qd1 Rexf3+ 35. Qxf3 Qe3+ 0-1

[Event "Geraardsbergen op 26th"]
[Site "Geraardsbergen"]
[Date "2010.08.13"]
[Round "6"]
[White "Van Poucke, Simon"]
[Black "Hensbergen, Willem"]
[Result "0-1"]
[WhiteElo "1957"]
[BlackElo "2103"]
[PlyCount "60"]
[EventDate "2010.08.11"]
[EventType "swiss"]
[EventRounds "9"]
[EventCountry "BEL"]
[SourceTitle "CBM 138 Extra"]
[Source "ChessBase"]
[SourceDate "2010.10.29"]
[SourceVersion "1"]
[SourceVersionDate "2010.10.29"]
[SourceQuality "1"]

1. d4 Nf6 2. c4 c5 3. d5 e6 4. Nc3 exd5 5. cxd5 d6 6. Nf3 g6 7. g3 Bg7 8. Bg2 0-0 9. 0-0 Re8 10. Nd2 Na6 11. Nc4 Nc7 12. a4 b6 13. Bf4 Bf8 14. Re1 Ba6 15. Qb3 Nh5 16. Bd2 Rb8 17. Bf3 Nf6 18. Bf4 Bxc4 19. Qxc4 a6 20. e4 b5 21. axb5 axb5 22. Qb3 b4 23. Na4 Nd7 24. Bg2 Nb5 25. Qc4 g5 26. Be3 Ne5 27. Qc2 Bg7 28. Rad1 b3 29. Qc1 g4 30. Rf1 Qa5 0-1

[Event "BEL-ch U20"]
[Site "Worriken Buetgenbach"]
[Date "2004.04.08"]
[Round "6.7"]
[White "Van Poucke, Simon"]
[Black "De Wolf, Jelle"]
[Result "1-0"]
[WhiteElo "1563"]
[BlackElo "1306"]
[PlyCount "81"]
[EventDate "2004.04.03"]
[EventType "swiss"]
[EventRounds "9"]
[EventCountry "BEL"]
[SourceTitle "EXT 2006"]
[Source "ChessBase"]
[SourceDate "2005.11.24"]
[SourceVersion "1"]
[SourceVersionDate "2005.11.24"]
[SourceQuality "1"]

1. e4 e5 2. Bc4 Bc5 3. Nf3 Nc6 4. c3 d6 5. d3 Nf6 6. 0-0 h6 7. Bb3 0-0 8. h3 a6 9. Re1 Re8 10. Nbd2 Bb6 11. Nf1 Be6 12. Bc2 Qd7 13. d4 Bc4 14. d5 Na7 15. N1d2 Qb5 16. b4 Bxd5 17. exd5 Qxd5 18. Ne4 Qe6 19. Nxf6+ Qxf6 20. Qd3 c6 21. Bd2 Rad8 22. Qe2 Nb5 23. a4 Nc7 24. Nh2 Ba7 25. Ng4 Qe6 26. Qe4 f5 27. Qxf5 Qxf5 28. Bxf5 Rf8 29. Bc2 Ne6 30. Bb3 Rde8 31. Re2 Kh8 32. Rae1 Nf4 33. Re4 Nd3 34. Rf1 c5 35. Bc2 Nf4 36. Rfe1 Ng6 37. R4e2 Nh4 38. Ne3 cxb4 39. cxb4 Rc8 40. Be4 Rcd8 41. Bxb7 1-0